Commercial real estate analysis and investments
| Main Author: | |
|---|---|
| Other Authors: | |
| Format: | Book |
| Published: |
Ohio :
South-Western Publishing ,
2001
|
| Subjects: |
MARC
| LEADER | 00000cam a2200000 7i4500 | ||
|---|---|---|---|
| 001 | 0000013000 | ||
| 005 | 20050503.0 | ||
| 020 | |a 0324136765 | ||
| 040 | |a INS | ||
| 090 | 0 | 0 | |a HD1375 |b G28 2001 |
| 100 | 1 | |a Geltner, David | |
| 245 | 1 | 0 | |a Commercial real estate analysis and investments |c David Geltner |
| 260 | |a Ohio : |b South-Western Publishing , |c 2001 | ||
| 300 | |a xxix : |b 898p ; |c 26cm. | ||
| 650 | 0 | 0 | |a Real estate investment |
| 700 | 0 | |a Miller |x Norman G. | |
| 999 | |a 0000013884 |b BOOK |c Open Shelf |e Default branch | ||